000 00510nam a2200181Ia 4500
003 GCL
008 140319s9999 xx 000 0 ara d
040 _aGCL /
_cGCL
082 0 4 _a813.008
_bع ب
100 1 _aعبدالحميد احمد
245 1 0 _aالبيدار قصص /
_cعبدالحميد احمد
260 _a[S.N] :
_bدار الكلمة للنشر ،
_c1987
300 _a126 ص
490 _a
650 0 4 _aالادب العربى
650 0 4 _aالقصص العربية
942 _2ddc
_cBK
999 _c35999
_d35999